'Cannibalized' Words Quiz Stats

 Plays Quiz Updated Dec 28, 2018

Support Sporcle.
Go Orange.
Score 0/18 Timer 04:00
3 Plays Today
% Correct
REH___SAL
83%
DE___ANCE
81.5%
VE___D
76.2%
DIAG___D
74.6%
RE___AL
70.3%
OB___D
69.9%
G___ENTS
69.1%
AL___ATION
69%
B___ERY
66.9%
% Correct
FREEW___ING
66.5%
EC___SE
66.2%
C___ELIER
65.3%
MIDS___ MEN
64.1%
MA___ERY
63.5%
TH___SS
60.8%
___HSTONE
60.4%
OR___RAL
55.4%
CRI___SS
51%

You're not logged in!

Compare scores with friends on all Sporcle quizzes.
OR
Log In
Forgot?

From the Vault

Weakest Link: US Presidents

by themightymoosh

History 3m
So like... You voted right? That's a thing you did?
Remove Ads.
Support Sporcle.
Get the best of Sporcle when you Go Orange. This ad-free experience offers more features, more stats, and more fun while also helping to support Sporcle. Thank you for becoming a member.

Show Comments

Extras

Top Quizzes Today


Score Distribution

Your Account Isn't Verified!

In order to create a playlist on Sporcle, you need to verify the email address you used during registration. Go to your Sporcle Settings to finish the process.

Report this User

Report this user for behavior that violates our Community Guidelines.

Details: